Combined Song Titles - One Word Links Both (1970's) - Statistics

General Stats
  • This quiz has been taken 282 times
  • The average score is 10 of 20
Answer Stats
# Song Titles % Correct
20 A Little Bit {More} Than A Feeling
93%
6 Lean On {Me} And The Elephant
93%
1 Psycho {Killer} On The Loose
86%
4 Killer {Queen} Of Clubs
84%
12 Fox On The {Run} For Home
78%
19 Hold Me {Close} To You
78%
10 All Right {Now} I'm Here
70%
16 Misty {Blue} Is The Colour
70%
3 We Love To {Boogie} Nights
50%
18 How {Long} Train Running
45%
14 Dancing In The {Moonlight} Feels Right
43%
5 You're A {Lady} Eleanor
34%
17 I Don't {Mind} Blowing Decisions
33%
9 Love {Train} In Vain
33%
8 Rock Your {Baby} Jump
33%
7 Pushbike {Song} To The Siren
27%
2 Get {Down} In The Park
26%
15 Here Comes The {Summer} Night City
17%
13 Broken Down {Angel} Face
13%
11 Egyptian {Reggae} For It Now
10%
No matching quizzes found
Score Distribution
Percent of People with Each Score
Percentile by Number Answered
Your Score History
You have not taken this quiz